[Event "RUS-Cup02"]
[Site "Moscow"]
[Date "1998.??.??"]
[Round "8"]
[White "Afonin, Alexey"]
[Black "Miroshnichenko, Nikolay"]
[Result "0-1"]
[WhiteElo "2190"]
[BlackElo "2135"]
[PlyCount "64"]
[EventDate "1998.01.21"]
[EventType "swiss"]
[EventRounds "9"]
[EventCountry "RUS"]
[SourceTitle "EXT 1999"]
[Source "ChessBase"]
[SourceDate "1998.11.16"]
[SourceVersion "1"]
[SourceVersionDate "1998.11.16"]
[SourceQuality "1"]

1. e4 Nf6 2. e5 Nd5 3. c4 Nb6 4. c5 Nd5 5. Bc4 e6 6. d4 d6 7. cxd6 cxd6 8. Nf3 dxe5 9. dxe5 Bb4+ 10. Bd2 Bc5 11. 0-0 Nc6 12. Nc3 Nxc3 13. bxc3 Qc7 14. Qe2 a6 15. Bd3 Bd7 16. Rfe1 Rd8 17. Ng5 Bc8 18. Bf4 Ne7 19. Ne4 Ng6 20. Bg3 b5 21. h4 0-0 22. Rad1 Bb7 23. h5 Bxe4 24. Qxe4 f5 25. exf6 Qxg3 26. hxg6 Rxf6 27. Bc4 Rdf8 28. Bxe6+ Kh8 29. Re2 Rxg6 30. Rd3 Bxf2+ 31. Kh1 Rh6+ 32. Bh3 Rxh3+ 0-1

[Event "RUS-Cup02"]
[Site "Moscow"]
[Date "1998.??.??"]
[Round "3"]
[White "Ivanov, Mikhail Y"]
[Black "Miroshnichenko, Nikolay"]
[Result "1-0"]
[WhiteElo "2230"]
[BlackElo "2135"]
[PlyCount "56"]
[EventDate "1998.01.21"]
[EventType "swiss"]
[EventRounds "9"]
[EventCountry "RUS"]
[SourceTitle "EXT 1999"]
[Source "ChessBase"]
[SourceDate "1998.11.16"]
[SourceVersion "1"]
[SourceVersionDate "1998.11.16"]
[SourceQuality "1"]

1. e4 g6 2. d4 Bg7 3. Nf3 d6 4. Nc3 Nf6 5. Be2 0-0 6. 0-0 Nbd7 7. h3 c6 8. a4 b6 9. Bf4 Nh5 10. Bg5 h6 11. Be3 e5 12. dxe5 dxe5 13. Qd6 Qf6 14. Qxf6 Nhxf6 15. Rfd1 Ne8 16. Nd2 f5 17. f3 f4 18. Bf2 Ndf6 19. Bc4+ Kh7 20. a5 b5 21. Ba2 Nc7 22. Nb3 Na6 23. Nc5 Nb4 24. Bb3 Re8 25. Rd6 Nh5 26. Bf7 Nf6 27. Rxf6 Bxf6 28. Bxe8 Nxc2 1-0

[Event "RUS-Cup02"]
[Site "Moscow"]
[Date "1998.??.??"]
[Round "1"]
[White "Miroshnichenko, Nikolay"]
[Black "Karpeshov, Oleg Mikhailovich"]
[Result "0-1"]
[WhiteElo "2135"]
[BlackElo "2420"]
[PlyCount "50"]
[EventDate "1998.01.21"]
[EventType "swiss"]
[EventRounds "9"]
[EventCountry "RUS"]
[SourceTitle "EXT 1999"]
[Source "ChessBase"]
[SourceDate "1998.11.16"]
[SourceVersion "1"]
[SourceVersionDate "1998.11.16"]
[SourceQuality "1"]

1. e4 c5 2. Nf3 e6 3. d4 cxd4 4. Nxd4 Nf6 5. Nc3 d6 6. Be2 Be7 7. 0-0 0-0 8. f4 Nc6 9. Nxc6 bxc6 10. Be3 Qc7 11. g4 d5 12. e5 Nd7 13. Bf2 Rb8 14. Rb1 f6 15. exf6 Bxf6 16. Bd4 Rb4 17. Be3 e5 18. g5 Be7 19. a3 Rbxf4 20. Bxf4 exf4 21. g6 Ne5 22. gxh7+ Kh8 23. b4 f3 24. Bxf3 Rxf3 25. Rxf3 Bg4 0-1

[Event "Moscow-ch"]
[Site "Moscow"]
[Date "1996.??.??"]
[Round "7"]
[White "Chudinovskih, Alexander N"]
[Black "Miroshnichenko, Nikolay"]
[Result "0-1"]
[WhiteElo "2290"]
[BlackElo "2125"]
[PlyCount "104"]
[EventDate "1996.08.??"]
[EventType "swiss"]
[EventRounds "11"]
[EventCountry "RUS"]
[SourceTitle "CBM 055 Extra"]
[Source "ChessBase"]
[SourceDate "1997.01.01"]
[SourceVersion "1"]
[SourceVersionDate "1997.01.01"]
[SourceQuality "1"]

1. c4 Nf6 2. Nc3 g6 3. e4 d6 4. d4 Bg7 5. Nf3 0-0 6. Be2 e5 7. 0-0 Nc6 8. d5 Ne7 9. Nd2 Nd7 10. b4 f5 11. a4 a5 12. Ba3 axb4 13. Bxb4 b6 14. a5 bxa5 15. Bxa5 Ba6 16. Nb3 Nf6 17. Qc2 Qd7 18. Ra3 c6 19. f3 cxd5 20. cxd5 Rfc8 21. Rfa1 Qa7+ 22. Kh1 Qb7 23. Qd1 Bh6 24. Qe1 Bc4 25. Rb1 Bxe2 26. Nxe2 Rc2 27. Ng3 fxe4 28. Nxe4 Nxe4 29. fxe4 Nxd5 30. exd5 Qxd5 31. Qg3 Bc1 32. Nxc1 Qd1+ 33. Qe1 Qxe1+ 34. Bxe1 Rxa3 35. h3 e4 36. Bb4 Ra6 37. Nb3 Rb6 38. Na5 Rb5 39. Rb3 d5 40. Kg1 d4 41. Kf1 d3 42. Ke1 Ra2 43. Nc6 Rxg2 44. Ra3 Rc2 45. Ra8+ Kg7 46. Ra7+ Kh6 47. Bf8+ Kg5 48. Be7+ Kf4 49. Nb4 Rb2 50. Ra4 Ke3 51. Kf1 Rf5+ 52. Kg1 Rb1+ 0-1

[Event "Moscow-ch"]
[Site "Moscow"]
[Date "1996.??.??"]
[Round "11"]
[White "Gutov, Andrey"]
[Black "Miroshnichenko, Nikolay"]
[Result "0-1"]
[WhiteElo "2195"]
[BlackElo "2125"]
[PlyCount "96"]
[EventDate "1996.08.??"]
[EventType "swiss"]
[EventRounds "11"]
[EventCountry "RUS"]
[SourceTitle "CBM 055 Extra"]
[Source "ChessBase"]
[SourceDate "1997.01.01"]
[SourceVersion "1"]
[SourceVersionDate "1997.01.01"]
[SourceQuality "1"]

1. d4 d5 2. c4 e5 3. dxe5 d4 4. Nf3 Nc6 5. g3 Nge7 6. Bg2 Ng6 7. 0-0 Bg4 8. h3 Bxf3 9. exf3 Ngxe5 10. Re1 Be7 11. c5 0-0 12. b4 Bf6 13. b5 Nb4 14. Re4 Qd7 15. Bf1 Qf5 16. Nd2 Rae8 17. Kg2 Ned3 18. Ba3 Bg5 19. Bxd3 Nxd3 20. Qe2 Rxe4 21. Nxe4 Nf4+ 22. gxf4 Bxf4 23. c6 Rd8 24. cxb7 Qd5 25. Rd1 Qxb7 26. Bc5 Be5 27. Qc4 c6 28. a4 cxb5 29. axb5 Qd7 30. Qa4 f5 31. Ng3 h5 32. Qxa7 Qxb5 33. Bxd4 Rd7 34. Qa1 Bxg3 35. fxg3 Qe2+ 36. Kg1 Qxf3 37. Kh2 Qe2+ 38. Kg1 h4 39. gxh4 Rd6 40. h5 Qxh5 41. Rd3 Qg5+ 42. Kh1 Qf4 43. Qa2+ Kh7 44. Qd2 Qe4+ 45. Kh2 f4 46. Qd1 g6 47. Rd2 f3 48. Be3 Qxe3 0-1

[Event "Moscow-ch"]
[Site "Moscow"]
[Date "1996.??.??"]
[Round "10"]
[White "Miroshnichenko, Nikolay"]
[Black "Dobrotin, Aleksandr E"]
[Result "0-1"]
[WhiteElo "2125"]
[BlackElo "2205"]
[PlyCount "54"]
[EventDate "1996.08.??"]
[EventType "swiss"]
[EventRounds "11"]
[EventCountry "RUS"]
[SourceTitle "CBM 055 Extra"]
[Source "ChessBase"]
[SourceDate "1997.01.01"]
[SourceVersion "1"]
[SourceVersionDate "1997.01.01"]
[SourceQuality "1"]

1. e4 e5 2. Nf3 Nc6 3. Bb5 a6 4. Bc4 Nf6 5. 0-0 Bc5 6. d3 d6 7. Bg5 Na5 8. Nbd2 b5 9. Bb3 h6 10. Bh4 Nxb3 11. Nxb3 Bb6 12. d4 g5 13. Bg3 Nxe4 14. dxe5 Nxg3 15. hxg3 d5 16. e6 Bxe6 17. Nbd4 Qd6 18. Nxe6 fxe6 19. Qd3 0-0-0 20. a4 e5 21. Qf5+ Kb7 22. Nxe5 Rdf8 23. Nf7 Qe7 24. Qxd5+ c6 25. Nd6+ Kc7 26. Nf5 Qf6 27. Qe4 Qxf5 0-1

[Event "Moscow-ch"]
[Site "Moscow"]
[Date "1996.??.??"]
[Round "6"]
[White "Miroshnichenko, Nikolay"]
[Black "Nureev, Garun"]
[Result "0-1"]
[WhiteElo "2125"]
[BlackElo "2300"]
[PlyCount "68"]
[EventDate "1996.08.??"]
[EventType "swiss"]
[EventRounds "11"]
[EventCountry "RUS"]
[SourceTitle "CBM 055 Extra"]
[Source "ChessBase"]
[SourceDate "1997.01.01"]
[SourceVersion "1"]
[SourceVersionDate "1997.01.01"]
[SourceQuality "1"]

1. e4 d6 2. d4 Nf6 3. Nc3 g6 4. Nf3 Bg7 5. Be2 0-0 6. 0-0 Nbd7 7. Bg5 e5 8. Qd2 Re8 9. Nd5 exd4 10. Qxd4 h6 11. Bxf6 Nxf6 12. Rad1 Nxe4 13. Qc4 c6 14. Nf4 Qf6 15. g3 Qxb2 16. Nd3 Qf6 17. Nf4 d5 18. Qb3 Nc3 19. Rde1 Nxe2+ 20. Rxe2 Rxe2 21. Nxe2 Bg4 22. Nfd4 c5 23. Qxb7 Rf8 24. f3 Bc8 25. Qxa7 cxd4 26. Nf4 Qa6 27. Qc5 Qxa2 28. Nxd5 Be6 29. Ne7+ Kh7 30. f4 Qc4 31. Qd6 Bh3 32. Re1 Qxc2 33. Qd5 d3 34. f5 d2 0-1